| 000 | 00795nam a22002057a 4500 | ||
|---|---|---|---|
| 999 |
_c20824 _d20824 |
||
| 003 | AR-CdUCM | ||
| 008 | 190606b ||||| |||| 00| 0 spa d | ||
| 040 |
_aMUNICIPALIDAD PROVINCIAL DEL CUSCO _cBIBLIOTECA MUNICIPAL DEL CUSCO |
||
| 082 |
_a353.362 / _bM61 |
||
| 110 |
_aDirección general de salud _943500 |
||
| 245 |
_aInforme del área de salud de Cuzco, Madre de Dios y Apurimac : _bPara la reunión a nivel presidencial sobre la salud publica / |
||
| 260 |
_aCusco : _c1965. |
||
| 300 |
_a187 páginas ; _c30 cm. |
||
| 505 | _aContenido: Fecha de creación del área -- Hospitales centros de salud - Postas medicas y sanitarias del área de salud... | ||
| 650 |
_aInforme _912183 |
||
| 650 |
_aMinisterio _924259 |
||
| 650 |
_aPerú _935 |
||
| 942 |
_2ddc _cLIBROS |
||
| 945 | _aJavier | ||